00662 2200193 4500001002100000005001500021035002000036007000300056008004100059020002200100082000800122084001400130245018900144250001100333260004000344300004600384650001800430110002000448INLIS00000000000047920221108074932 a0010-1122000073ta221108 b 1 ind  a978-602-252-910-1 a813 a813 TIM c1 aCerita Rakyat Nusantara 3 :bSi Loreng; Asal Mula Reog Ponorogo; Sepasang Lelampak yang Tak pernah Puas; Si Leungli;Putri Putu Ayu dan Katak Buruk Rupa; Putri Kerbau /cTim Penulis EFK aCet. 1 aJakarta :bErlangga For Kids,c2017 a77 halaman :bilustrasi berwarna ;c23 cm 4aCerita Rakyat0 aTim Penulis EFK